000 00764nam a22002297a 4500
003 UA-OsUOA
001 73671
007 ta
008 20110314b un ||||| |||| 00| 0 ukr d
100 _aДавыдов С.Г.
700 _aСтожаров А.В.
090 _a659
_bД13
942 _cSA
040 _aUA-OsUOA
_brus
_cUA-OsUOA
_dUA-OsUOA
245 _aОсобенности медиаизмерений, медиаландшафта и ацдитории СМИ в ХМАО и ЯНАО
300 _aС.102-109
955 _a0
041 _arus
080 _a659
773 0 _w73664
650 7 _a659 Реклама. Система інформації. Громадська інформація та реклама (Паблик-Рилейшнз)
_2UDC
999 _c359965
_d359965